000 00369nam a2200145Ia 4500
008 230917s9999||||xx |||||||||||||| ||und||
040 _e146283
_aMAIN
041 _aEnglish
082 _a153.15 P959B:P
100 _aBower, Gordon H.
245 0 _aPsychology of learning and motivation
260 _aNew York
_bAcademic Press
_c1975
300 _a316p p.
942 _cBK
999 _c42633
_d42633